Fr. Conceicao Rodrigues College of Engineering

Electronics circuits & devices (Record no. 32131)

MARC details
000 -LEADER
fixed length control field 00277nam a2200133Ia 4500
100 ## - MAIN ENTRY--PERSONAL NAME
Personal name Smith/R.J
245 ## - TITLE STATEMENT
Title Electronics circuits & devices
260 ## - PUBLICATION, DISTRIBUTION, ETC.
Name of publisher, distributor, etc. John wiley
Place of publication, distribution, etc. New York
Date of publication, distribution, etc. 1987
300 ## - PHYSICAL DESCRIPTION
Extent 476
546 ## - LANGUAGE NOTE
Language note ENGLISH
654 ## - SUBJECT ADDED ENTRY--FACETED TOPICAL TERMS
Focus term devices
942 ## - ADDED ENTRY ELEMENTS (KOHA)
Koha item type BOOK
Holdings
Withdrawn status Lost status Damaged status Not for loan Collection Home library Current library Shelving location Date acquired Source of acquisition Cost, normal purchase price Inventory number Total Checkouts Full call number Barcode Date last seen Cost, replacement price Price effective from Koha item type
        CRC Fr. Agnel's C.Rodrigues College of Engineering Fr. Agnel's C.Rodrigues College of Engineering   17/03/2023 Progressive Books 408.32 2042 dt 15.07.92   3687 17/03/2023 408.32 15/07/1992 BOOK